000 00357nam a2200133Ia 4500
008 240624s9999 xx 000 0 und d
041 _aeng
082 _a025 KEL
100 _aKELSEY SIGRID E
245 _aBEST PRACTICES FOR CORPORATE LIBRARIES T
260 _c2011
_aEngland
_bLibraries Unlimited
300 _axiii, : 337 : p. : cm. ; 23
365 _c
_b30
999 _c26922
_d26922